00489nam a2200193 a 4500001001300000003000900013005001700022008004100039020001000080082001600090100001600106245002000122260004500142300000900187500003500196505002800231650002000259700001600279nice12345678IN_TiNIC20260116011638.0050524s1928 dela grp 000 0 per  ac10000a297.82bQUM aQummi Al, A aHedayatul Ahbab aDelhibIntercultural Publications c1928 a288p aincludes index and biblioraphy2 aHand Written Manuscript aShiah-Doctrines1 aQummi Al, A